| 000 | 00768nam0a22002531 4500 | ||
|---|---|---|---|
| 001 | rc\563288 | ||
| 005 | 20250621132741.0 | ||
| 010 |
_a5-8272-0139-1 _91000 |
||
| 035 | _a(NLR Aleph) 005798268 | ||
| 090 |
_a5269310 _c5269310 |
||
| 100 | _a20030616d1988 |||y0rusy50 ca | ||
| 101 | 0 | _arus | |
| 102 | _aRU | ||
| 105 | _ay ||||||||| | ||
| 200 | 1 | _aРусские заимствования в каракалпакском языке | |
| 210 |
_aНукус _cКаракалпакстан _d1988 |
||
| 215 |
_a92 с. _d22 |
||
| 320 | _aБиблиогр.: с. 84-89 | ||
| 700 | 1 |
_aКощанов _bК.М.М. _gКутлы Мурат Моятдинович |
|
| 801 | 0 |
_aRU _bNLR _gpsbo |
|
| 801 | 1 |
_aRU _bELAR _2rusmarc |
|
| 852 |
_aNLR _j88-4/7540 |
||
| 942 | _cBOOK | ||
| 980 | _aNB | ||